|
|
|
|
| LEADER |
00000nam0a2200000 4500 |
| 001 |
300654 |
| 005 |
20231102001325.0 |
| 020 |
|
|
|a RU
|b 82-92996
|
| 035 |
|
|
|a (RuTPU)RU\TPU\book\325807
|
| 090 |
|
|
|a 300654
|
| 100 |
|
|
|a 20150714d1982 km y0rusy5003 ca
|
| 101 |
0 |
|
|a rus
|
| 102 |
|
|
|a RU
|
| 105 |
|
|
|a y z 001zy
|
| 200 |
1 |
|
|a Традиции и общество. Опыт философско-социологического исследования
|f В. Д. Плахов
|
| 210 |
|
|
|a Москва
|c Мысль
|d 1982
|
| 215 |
|
|
|a 220 с.
|
| 320 |
|
|
|a Библиография в ссылках.
|
| 606 |
1 |
|
|a Общественное развитие
|x В целом
|2 stltpush
|3 (RuTPU)RU\TPU\subj\37762
|
| 606 |
1 |
|
|a Традиции
|x Социология
|2 stltpush
|3 (RuTPU)RU\TPU\subj\37983
|9 58724
|
| 610 |
1 |
|
|a общество
|
| 610 |
1 |
|
|a философские исследования
|
| 610 |
1 |
|
|a социологические исследования
|
| 610 |
1 |
|
|a общественные отношения
|
| 610 |
1 |
|
|a исторический процесс
|
| 686 |
|
|
|a С55
|2 rubbk
|
| 686 |
|
|
|a С556
|2 rubbk
|
| 700 |
|
1 |
|a Плахов
|b В. Д.
|g Владимир Дмитриевич
|4 070
|
| 801 |
|
0 |
|a RU
|b RuMRKP
|c 19950704
|g psbo
|
| 801 |
|
1 |
|a RU
|b 63413507
|c 20150714
|
| 801 |
|
2 |
|a RU
|b 63413507
|c 20190208
|g RCR
|
| 942 |
|
|
|c BK
|